书目信息 |
| 题名: |
现代电炉炼钢操作
|
|
| 作者: | 俞海明 主编 | |
| 分册: | ||
| 出版信息: | 北京 冶金工业出版社 2016.01 |
|
| 页数: | 383页 | |
| 开本: | 26cm | |
| 丛书名: | ||
| 单 册: | ||
| 中图分类: | TF741 | |
| 科图分类: | ||
| 主题词: | 电炉炼钢--教材--职业教育 , 电炉炼钢--教材--职业教育 | |
| 电子资源: | ||
| ISBN: | 978-7-5024-4937-7 | |
| 000 | 00913nam0 2200277 450 | |
| 001 | 1129 | |
| 001 | 01XX10920869@CSLN | |
| 005 | 20161008081108.21 | |
| 010 | @a978-7-5024-4937-7@b平装@dCNY56.00 | |
| 100 | @a20091027d2016 em y0chiy50 ea | |
| 101 | 0 | @achi |
| 102 | @aCN@b110000 | |
| 105 | @aa z 000yy | |
| 135 | @adrbn ---auuuu | |
| 200 | 1 | @a现代电炉炼钢操作@9xian dai dian lu lian gang cao zuo@f俞海明主编 |
| 210 | @a北京@c冶金工业出版社@d2016.01 | |
| 215 | @a383页@c图@d26cm | |
| 300 | @a冶金行业职业教育培训规划教材 | |
| 325 | @a电子复制品 | |
| 330 | @a本书围绕电炉炼钢操作需要以浅显易懂的表现方式介绍了应当了解的基础理论知识;详细介绍了电炉炼钢各个环节的操作工艺和操作要点。 | |
| 606 | 0 | @a电炉炼钢@j教材@x职业教育 |
| 606 | @a电炉炼钢@j教材@x职业教育 | |
| 690 | @aTF741@v4 | |
| 701 | 0 | @a俞海明@9yu hai ming@4主编 |
| 801 | 0 | @aCN@b唐山师范学院图书馆@c20160830 |
| 905 | @aZUCC@dTF741@e37 | |
| 现代电炉炼钢操作/俞海明主编.-北京:冶金工业出版社,2016.01 |
| 383页:图;26cm |
| 冶金行业职业教育培训规划教材 |
| ISBN 978-7-5024-4937-7(平装):CNY56.00 |
| 本书围绕电炉炼钢操作需要以浅显易懂的表现方式介绍了应当了解的基础理论知识;详细介绍了电炉炼钢各个环节的操作工艺和操作要点。 |
| ● |
| 相关链接 |
|
|
|
|
正题名:现代电炉炼钢操作
索取号:TF741/37
 
预约/预借
| 序号 | 登录号 | 条形码 | 馆藏地/架位号 | 状态 | 备注 |
| 1 | 907003 | 209070039 | 第二样本阅览室/ [索取号:TF741/37] | 在馆 | |
| 2 | 907004 | 209070048 | 第三借阅区/ [索取号:TF741/37] | 在馆 | |
| 3 | 907005 | 209070057 | 第三借阅区/ [索取号:TF741/37] | 在馆 | |
| 4 | 907006 | 209070066 | 第三借阅区/ [索取号:TF741/37] | 在馆 | |
| 5 | 907007 | 209070075 | 第三借阅区/ [索取号:TF741/37] | 在馆 |